00440nam a2200133 a 450000500170000000800410001702000170005805000180007510000210009324500390011426000270015399900190018095201070019920140412111301.0110408s19uu xx 00 eng d a002-774770-0 aERbWh55 1988 aPolushkin, Maria aWho said meow? /cMaria Polushkin. aNY :bBradbury,c1988. c103409d103409 001040aELbELcERd2011-04-08eDonationl0oER Wh55 1988pE4756r2014-04-12 00:00:00w2014-04-12yBK